zpět

Detail výsledku týmu

Pub Na Plech ČT - Žižkov, Praha

Datum a čas kvízu

27 Celkem bodů Celkový počet nahraných bodů na tomto kvízu bez doplňovacích otázek.
7. Pořadí na kvízu Konečné umístění týmu na tomto kvízu.

Zaznamenané odpovědi

# Otázka Odpověď Body Výsledky
1. V areálu Veterinární univerzit... C) kůň panenky Barbie 0
2. Nebývá zvykem, aby politik zas... Emily v Paříži/ Emily in Paris 1
3. Minulý týden jsme se dozvěděli... Kanye West, Bianca Censori 0
4. Nápad vědců z brněnské Mendelo... B) mangové pecky 0
5. Na začátku minulého týdne popr... Los Angeles Lakers 1
6. Hned na začátku tohoto tématu... para (0,5 b.), piniové (1 b.) 1
7. V jedné populární české písnič... Báječná ženská, Michal Tučný 0
8. Jak se jedním kratším slovem n... gola 0
9. Arašídové (též burákové) máslo... křupavé (crunchy) 1
10. Který z těchto výroků o pohádc... D 0